Fish management and aquatic environment
| Format: | Book |
|---|---|
| Published: |
KL :
Fargoes Books Sdn Bhd ,
1997
|
| Series: | Siri prasekolah
|
| Subjects: |
MARC
| LEADER | 00000cam a2200000 7i4500 | ||
|---|---|---|---|
| 001 | 0000039327 | ||
| 005 | 20131218.0 | ||
| 008 | 131218 | ||
| 020 | |a 8170354293 | ||
| 090 | 0 | 0 | |a 639.3 |b FIS |
| 245 | 1 | 0 | |a Fish management and aquatic environment |
| 260 | |a KL : |b Fargoes Books Sdn Bhd , |c 1997 | ||
| 440 | |a Siri prasekolah | ||
| 650 | 0 | |a Games |x Preschool | |
| 999 | |a 0001025776 |b Book |c REFERENCE |e Perbadanan Perpustakaan Awam Johor | ||